Optimalizácia pohonu prevádzkového a núdzového riadenia smeru jazdy kĺbových nakladačov

Salvato in:
Dettagli Bibliografici
Autore principale: Šnupárek, Vladislav, 1986- (Autore)
Altri autori: Mazurkievič, Izidor, 1943- (Relatore della tesi)
Natura: Manoscritto Libro
Lingua:slovacco
Pubblicazione: Bratislava : STU v Bratislave SjF, 2010
Soggetti:
Accesso online:VAIS
Tags: Aggiungi Tag
Nessun Tag, puoi essere il primo ad aggiungerne!!

MARC

LEADER 00000ntm a22000003a 4500
001 stu218833
005 20150617230114.9
008 101207s2010----xo------------------slo-d
040 |a STU  |b slo 
041 0 |a slo 
044 |a xo 
100 1 |a Šnupárek, Vladislav,  |d 1986-  |4 aut  |u J0030  |U SjF Strojnícka fakulta  |T SjF Ústav dopravnej techniky a konštruovania  |X 25959  |U J0030  |Y 806  |7 A000025959 
242 0 0 |a Optimalization of operating and emergency steering system of articulated wheel loaders  |y eng 
245 1 |a Optimalizácia pohonu prevádzkového a núdzového riadenia smeru jazdy kĺbových nakladačov 
260 |a Bratislava :  |b STU v Bratislave SjF,  |c 2010 
650 7 |a automobily, lode a spaľovacie motory  |2 stusub 
650 7 |a Automobiles, Ships and Combustion Engines  |2 estusub 
650 7 |a nakladač  |2 stusub 
650 7 |a systémy riadenia  |2 stusub 
700 1 |a Mazurkievič, Izidor,  |d 1943-  |4 ths  |u J0030  |U SjF Strojnícka fakulta  |T SjF Ústav dopravnej techniky a konštruovania  |X 3513  |U J0030  |Y 806  |7 A000003513 
856 4 |a info a plný text  |u http://is.stuba.sk/zp/portal_zp.pl?podrobnosti=74536  |3 VAIS 
996 |b 284J038798  |c J*705/DP  |l JJSK  |s A  |a 24  |w stu218833_0001